| 000 | 01256cab a2200289 4500 | ||
|---|---|---|---|
| 001 | WB3111-27 | ||
| 008 | 090401t1995 xxu||||| |||| 00| 0 eng d | ||
| 035 | _a(Sirsi) u29234 | ||
| 041 | _aeng | ||
| 245 | _aDamage to property | ||
| 260 | _c1995 | ||
| 350 | _a0 | ||
| 490 |
_aEstates Gazette Case Summaries _v(1995) EGCS 39 (11/3/95) |
||
| 520 | _a"Paterson v Humberside CC" QBD 28 February 1995. In 1990 a property, built on clay soil with 2 lime trees 9-10m from the frontage, began to crack, a problem identified as differential settlement in the foundations, caused possibly by the trees. In 1992, 20 more cracks were identified and by 1993 the house was reinforced by timber supports. An action by P against H seeking damages for nuisance and breach of duty under Highways Act 1980 s96, succeeded. | ||
| 650 | _aCLAY SOIL | ||
| 650 | _aDIFFERENTIAL SETTLEMENT | ||
| 650 | _aFORESEEABILITY | ||
| 650 | _aBUILT ENVIRONMENT-BUILDING ELEMENTS-COMPLETE BUILDING ELEMENTS-FOUNDATIONS | ||
| 650 | _aLIABILITY | ||
| 650 | _aLOCAL AUTHORITIES | ||
| 650 | _aPATERSON V HUMBERSIDE CC | ||
| 650 | _aTREE ROOTS | ||
| 690 | _aBUILDING AND CONSTRUCTION-DEFECTS AND FAILURES | ||
| 690 | _aHOUSING-CASE LAW | ||
| 942 | _n0 | ||
| 948 | _c04/03/1997 | ||
| 999 |
_c19683 _d19683 |
||